000 01409nam a2200385 i 4500
001 53515
003 KOSZ 005
005 20220929110527.0
008 070511s2004 pl f f |000 0 pol
020 _a8389179016
040 _cKOSZ 005
_aKOSZ 005
_dKOSZ 005/HR
041 0 _apol
046 _k2004
080 _a657.05
080 _a658.14/.17
080 _a(075.8)
245 0 0 _aRachunkowość zarządcza :
_bpraca zbiorowa /
_cpod red. Teresy Kiziukiewicz ; [aut. rozdz. Ksenia Czubakowska et al.].
250 _aWyd. 4 zm. i rozsz.
260 _aWrocław :
_b"Ekspert",
_c2004.
300 _a323 s. :
_bwykr. ;
_c24 cm.
336 _2rdacontent
_aTekst
_btxt
337 _2rdamedia
_aBez urządzenia pośredniczącego
_bn
338 _2rdacarrier
_aWolumin
_bnc
380 _aKsiążki
388 _a2001-
500 _aWyd. z uwzględnieniem nowelizacji ustawy o rachunkowości.
650 4 _aRachunkowość zarządcza
655 4 _aPodręczniki akademickie
658 _aGospodarka, ekonomia, finanse
700 1 _aCzubakowska, Ksenia
_d(1946- )
_eAutor
700 1 _aKiziukiewicz, Teresa
_d(1947- )
_eRedakcja
710 2 _a Ekspert Wydawnictwo i Doradztwo z Zakresu Rachunkowości i Finansów, Marian Pałka
_4pbl.
856 _uhttp://koha.tu.koszalin.pl/cgi-bin/koha/opac-detail.pl?biblionumber=53515
_yKatalog online BPK
942 _cKS
_2UKD
999 _c53515
_d53515